Learning to read : A report of a conference of reading experts (Record no. 1350747)

MARC details
000 -LEADER
fixed length control field 00466nam a2200169Ia 4500
005 - DATE AND TIME OF LATEST TRANSACTION
control field 20250508154524.0
008 - FIXED-LENGTH DATA ELEMENTS--GENERAL INFORMATION
fixed length control field 008 250505s9999 xx 000 0 eng d
037 ## - SOURCE OF ACQUISITION
Stock number Textual
040 ## - CATALOGING SOURCE
Original cataloging agency FEDL
Language of cataloging eng
Transcribing agency FEDL
041 ## - LANGUAGE CODE
Language code of text/sound track or separate title eng
Source of code eng
084 ## - COLON CLASSIFICATION NUMBER
Classification number 372.4, CON
Assigning agency FEDL
100 ## - MAIN ENTRY--PERSONAL NAME
Personal name Conant James B
245 #0 - TITLE STATEMENT
Title Learning to read : A report of a conference of reading experts
300 ## - PHYSICAL DESCRIPTION
Extent 31p.
942 ## - ADDED ENTRY ELEMENTS (KOHA)
Koha item type Textual
Classification part 372.4, CON
Holdings
Withdrawn status Lost status Damaged status Not for loan Home library Current library Date acquired Total Checkouts Full call number Barcode Date last seen Price effective from Koha item type
        Department of Education Library Department of Education Library 2025-05-08   372.4, CON EL0034793 2025-05-08 2025-05-08 Textual
Copyright @ Delhi University Library System